00000000nam##2200000za#4500
0019.628068
003CaOODSP
00520210615105553
007ta
008150406|2003||||xxc|||||     f|0| 0 fre|d
040 |aCaOODSP|bfre
043 |an-cn---
0861 |aH50-3/162-2003F
1101 |aCanada. |bSanté Canada.
24513|aLa maladie mangeuse de chair
260 |bSanté Canada |cJanvier 2003.
300 |a[2]p. ; |c28 cm.
4901 |aVotre santé et vous
563 |aPolycopié
590 |a08-46|b2008-11-14
77508|tFlesh-eating disease |w(CaOODSP)9.619113
7760#|tLa maladie mangeuse de chair |w(CaOODSP)9.596775
830#0|aVotre santé et vous.|w(CaOODSP)9.513096